<?xml version="1.0" encoding="UTF-8"?>
<collection xmlns="http://www.loc.gov/MARC21/slim">
 <record>
  <leader>00573nam a22001455a 4500</leader>
  <controlfield tag="001">EEA.libagro001970</controlfield>
  <controlfield tag="008">130809s1966####ag#a##########000#0#spa#d</controlfield>
  <controlfield tag="005">20191028114025.0</controlfield>
  <datafield tag="245" ind1="1" ind2="0">
   <subfield code="a">Uso consuntivo en explotaciones del valle bonaerense del Río Colorado /</subfield>
   <subfield code="c">Jorge A. Luque.</subfield>
  </datafield>
  <datafield tag="260" ind1=" " ind2=" ">
   <subfield code="a">Bahía Blanca :</subfield>
   <subfield code="b">Instituto de Edafología e Hidrología,</subfield>
   <subfield code="c">1966.</subfield>
  </datafield>
  <datafield tag="300" ind1=" " ind2=" ">
   <subfield code="a">24 p. :</subfield>
   <subfield code="b">il. ;</subfield>
   <subfield code="c">23 cm.</subfield>
  </datafield>
  <datafield tag="490" ind1="1" ind2=" ">
   <subfield code="a">Publicaciones del Instituto de Edafología e Hidrología ;</subfield>
   <subfield code="v">nº 8</subfield>
  </datafield>
  <datafield tag="100" ind1="1" ind2=" ">
   <subfield code="a">Luque, Jorge Alfredo.</subfield>
  </datafield>
  <datafield tag="082" ind1="0" ind2="4">
   <subfield code="a">631.7</subfield>
  </datafield>
  <datafield tag="859" ind1=" " ind2=" ">
   <subfield code="a">AR-BbBCA</subfield>
   <subfield code="b">BIB. AGRONOMIA</subfield>
   <subfield code="h">631.7</subfield>
   <subfield code="i">L966-14</subfield>
   <subfield code="p">1974/0072</subfield>
  </datafield>
 </record>
</collection>
